<?xml version="1.0" encoding="UTF-8"?>
<record
    xmlns:xsi="http://www.w3.org/2001/XMLSchema-instance"
    xsi:schemaLocation="http://www.loc.gov/MARC21/slim http://www.loc.gov/standards/marcxml/schema/MARC21slim.xsd"
    xmlns="http://www.loc.gov/MARC21/slim">

  <leader>01147    a2200301   4500</leader>
  <controlfield tag="003">OSt</controlfield>
  <controlfield tag="005">20230727145020.0</controlfield>
  <controlfield tag="008">230214s2013    mx ad||f |||| 001 0 spa d</controlfield>
  <datafield tag="020" ind1=" " ind2=" ">
    <subfield code="a">9788473569705 (Alfaomega)</subfield>
  </datafield>
  <datafield tag="020" ind1=" " ind2=" ">
    <subfield code="a">9786076222157 (ASIC)</subfield>
  </datafield>
  <datafield tag="040" ind1=" " ind2=" ">
    <subfield code="c">CHAP</subfield>
  </datafield>
  <datafield tag="082" ind1="0" ind2="0">
    <subfield code="2">22</subfield>
    <subfield code="a">658.11</subfield>
    <subfield code="b">G46 2013</subfield>
  </datafield>
  <datafield tag="100" ind1="1" ind2=" ">
    <subfield code="9">187685</subfield>
    <subfield code="a">Gil Estallo, Mar&#xED;a de los &#xC1;ngeles</subfield>
  </datafield>
  <datafield tag="245" ind1="1" ind2="0">
    <subfield code="a">C&#xF3;mo crear y hacer funcionar una empresa /</subfield>
    <subfield code="c">por Mar&#xED;a de los &#xC1;ngeles Gil Estallo, con la colaboraci&#xF3;n de Fernando Giner de la Fuente</subfield>
  </datafield>
  <datafield tag="250" ind1=" " ind2=" ">
    <subfield code="a">Novena edici&#xF3;n</subfield>
  </datafield>
  <datafield tag="264" ind1=" " ind2="1">
    <subfield code="a">M&#xE9;xico:</subfield>
    <subfield code="b">Alfaomega:</subfield>
    <subfield code="b">ESIC:</subfield>
    <subfield code="c">2013.</subfield>
  </datafield>
  <datafield tag="300" ind1=" " ind2=" ">
    <subfield code="a">699 p&#xE1;ginas:</subfield>
    <subfield code="b">Ilustraciones, cuadros,  gr&#xE1;ficas</subfield>
  </datafield>
  <datafield tag="490" ind1="1" ind2=" ">
    <subfield code="a">Ciencias Econ&#xF3;mico Administrativas.</subfield>
  </datafield>
  <datafield tag="504" ind1=" " ind2=" ">
    <subfield code="a">Incluye &#xED;ndice y bibliograf&#xED;a</subfield>
  </datafield>
  <datafield tag="650" ind1=" " ind2="4">
    <subfield code="9">931</subfield>
    <subfield code="a">Administraci&#xF3;n industrial</subfield>
  </datafield>
  <datafield tag="650" ind1=" " ind2="4">
    <subfield code="9">922</subfield>
    <subfield code="a">Administraci&#xF3;n de empresas</subfield>
  </datafield>
  <datafield tag="650" ind1=" " ind2="4">
    <subfield code="9">157051</subfield>
    <subfield code="a">Empresas</subfield>
    <subfield code="x">Finanzas  </subfield>
  </datafield>
  <datafield tag="650" ind1=" " ind2="4">
    <subfield code="9">186877</subfield>
    <subfield code="a">Gesti&#xF3;n comercial</subfield>
  </datafield>
  <datafield tag="650" ind1=" " ind2="4">
    <subfield code="9">156927</subfield>
    <subfield code="a">Administraci&#xF3;n</subfield>
    <subfield code="x">Metodolog&#xED;a  </subfield>
  </datafield>
  <datafield tag="700" ind1="1" ind2=" ">
    <subfield code="9">187686</subfield>
    <subfield code="a">Giner de la Fuente, Fernando</subfield>
  </datafield>
  <datafield tag="830" ind1=" " ind2=" ">
    <subfield code="9">187687</subfield>
    <subfield code="a">Ciencias Econ&#xF3;mico Administrativas.</subfield>
    <subfield code="p">Negocios</subfield>
  </datafield>
  <datafield tag="942" ind1=" " ind2=" ">
    <subfield code="c">LIBRO</subfield>
    <subfield code="2">ddc</subfield>
  </datafield>
  <datafield tag="999" ind1=" " ind2=" ">
    <subfield code="c">218331</subfield>
    <subfield code="d">218331</subfield>
  </datafield>
  <datafield tag="952" ind1=" " ind2=" ">
    <subfield code="0">0</subfield>
    <subfield code="1">0</subfield>
    <subfield code="2">ddc</subfield>
    <subfield code="4">0</subfield>
    <subfield code="5">2</subfield>
    <subfield code="7">0</subfield>
    <subfield code="8">GRAL</subfield>
    <subfield code="a">BC</subfield>
    <subfield code="b">BC</subfield>
    <subfield code="c">PP_GRAL</subfield>
    <subfield code="d">2023-07-25</subfield>
    <subfield code="l">0</subfield>
    <subfield code="o">658.11 G46 2013</subfield>
    <subfield code="p">33724002577149</subfield>
    <subfield code="r">2023-07-25 00:00:00</subfield>
    <subfield code="w">2023-07-25</subfield>
    <subfield code="y">LIBRO</subfield>
  </datafield>
  <datafield tag="952" ind1=" " ind2=" ">
    <subfield code="0">0</subfield>
    <subfield code="1">0</subfield>
    <subfield code="2">ddc</subfield>
    <subfield code="4">0</subfield>
    <subfield code="5">2</subfield>
    <subfield code="7">0</subfield>
    <subfield code="8">GRAL</subfield>
    <subfield code="a">BC</subfield>
    <subfield code="b">BC</subfield>
    <subfield code="c">PP_GRAL</subfield>
    <subfield code="d">2023-07-25</subfield>
    <subfield code="l">0</subfield>
    <subfield code="o">658.11 G46 2013</subfield>
    <subfield code="p">33724002577181</subfield>
    <subfield code="r">2023-07-25 00:00:00</subfield>
    <subfield code="t">c.2</subfield>
    <subfield code="w">2023-07-25</subfield>
    <subfield code="y">LIBRO</subfield>
  </datafield>
</record>
